Estatísticas para Países-Sede das Olimpíadas

Clique aqui para jogar o quiz

Estatísticas Gerais

  • Esse quiz foi jogado 5 778 vezes
  • A pontuação média é 20 de 24

Estatísticas das Respostas

#País% Correto
1Brasil
100%
9Estados Unidos
98%
4Japão
98%
2China
96%
6França
96%
1Rússia
94%
3Canadá
93%
3Alemanha
92%
1Espanha
91%
1México
91%
3Reino Unido
91%
3Austrália
88%
2Grécia
88%
4Itália
87%
2Coreia do Sul
84%
1Suécia
81%
2Noruega
76%
2Suíça
75%
1Finlândia
72%
1Países Baixos
66%
1Bélgica
65%
2Áustria
58%
1União Soviética
47%
1Iugoslávia
34%

Distribuição das Pontuações

Percentil de Números Respondidos

Porcentagem de Pessoas com Cada Pontuação

Sua Pontuação Histórica

Você não jogou esse quiz